00777nam a22001097a 4500008004100000100002600041245003000067260001200097300003000109520051600139773001200655220702b ||||| |||| 00| 0 eng d aRangarajan, Jayanthi  aAdvancements in medicine  aYojana  a66(6), Jun, 2022: p.53-55 aMedicine is not merely a science but on art too; this is a famous adage we owe to Paracelsus, a 16th century alchemist turned physician. Technology, the third dimensions, has steadily been incorporated and has fortified medicine as practiced today. Health or medical technology is defined by the WHO as the application of organized knowledge and skill in the form of devices, medicines, vaccines, procedures, procedures , and systems to solve a health problem and improve quality of lives. – Reproduced  aYojana